Evolución del tipo de cambio real en El Salvador y Nicaragua (1970-1996) /
Zapisane w:
| 1. autor: | |
|---|---|
| Format: | Texto |
| Etykiety: |
Dodaj etykietę
Nie ma etykietki, Dołącz pierwszą etykiete!
|
MARC
| LEADER | 00000 a a2200000 04500 | ||
|---|---|---|---|
| 001 | 40276 | ||
| 003 | |||
| 040 | |||
| 100 | |a Rodríguez, Tomás | ||
| 245 | |a Evolución del tipo de cambio real en El Salvador y Nicaragua (1970-1996) / |c Tomás Rodríguez | ||
| 773 | |g volumen33, número59 ( , 2001), páginas 68-91 | ||
| 999 | |c 31630 |d 31630 | ||
